[Event "Bad Woerishofen Sen"]
[Site "Bad Woerishofen"]
[Date "2001.??.??"]
[Round "9"]
[White "Hennige, Anneliese"]
[Black "Weber, Siegfried"]
[Result "0-1"]
[WhiteElo "1700"]
[BlackElo "1587"]
[Annotator "ChessOrg"]
[PlyCount "77"]
[EventDate "1998.03.05"]
[Source "ChessBase"]
[SourceDate "1998.04.29"]

1. e4 c5 2. Nf3 d6 3. d4 cxd4 4. Nxd4 Nf6 5. Nc3 g6 6. Be2 Bg7 7. O-O O-O 8.
Bf3 Nbd7 9. Re1 Ne5 10. Be2 Nc6 11. Bg5 Be6 12. Bf3 Rc8 13. Bf4 Nxd4 14. Qxd4
Nh5 15. Qe3 Nxf4 16. Qxf4 Rxc3 17. Qd2 Rc7 18. c3 b6 19. Qe3 Qc8 20. Rec1 Bg4
21. Bxg4 Qxg4 22. f3 Qc8 23. a3 Rc5 24. Rc2 Rc4 25. Rd1 Qc5 26. Qxc5 Rxc5 27.
Kf2 Rfc8 28. Rd3 R8c6 29. g3 f5 30. exf5 gxf5 31. f4 d5 32. Ke2 d4 33. c4 Rxc4
34. Rxc4 Rxc4 35. Kd2 Kf7 36. b3 Rc3 37. b4 Ke6 38. h4 h5 39. Rf3 0-1

[Event "Bad Woerishofen Sen"]
[Site "Bad Woerishofen"]
[Date "2001.??.??"]
[Round "4"]
[White "Heyse, Juergen"]
[Black "Miessner, Rolf"]
[Result "1/2-1/2"]
[WhiteElo "1597"]
[BlackElo "1750"]
[Annotator "ChessOrg"]
[PlyCount "48"]
[EventDate "1998.03.05"]
[Source "ChessBase"]
[SourceDate "1998.04.29"]

1. d4 Nf6 2. Nf3 d5 3. Bf4 Bf5 4. c3 Nbd7 5. h3 h6 6. Nbd2 e6 7. e3 Be7 8. Ne5
O-O 9. Rc1 Nxe5 10. Bxe5 Nd7 11. Bh2 c5 12. Be2 Rc8 13. O-O a6 14. Bf3 Nf6 15.
Re1 cxd4 16. exd4 b5 17. Qb3 Qd7 18. Be2 Qc6 19. Bf4 Nd7 20. Nf3 Qa8 21. a3 Rc6
22. Ne5 Nxe5 23. Bxe5 Rfc8 24. Bf3 Qa7 1/2-1/2

[Event "Bad Woerishofen Sen"]
[Site "Bad Woerishofen"]
[Date "2001.??.??"]
[Round "6"]
[White "Heyse, Juergen"]
[Black "Assaloni, Herbert"]
[Result "1/2-1/2"]
[WhiteElo "1597"]
[BlackElo "1720"]
[Annotator "ChessOrg"]
[PlyCount "59"]
[EventDate "1998.03.05"]
[Source "ChessBase"]
[SourceDate "1998.04.29"]

1. d4 Nf6 2. Nf3 e6 3. Bf4 b6 4. Nbd2 Bb7 5. h3 d5 6. e3 Nbd7 7. Ne5 a6 8. Bd3
c5 9. c3 Nxe5 10. Bxe5 cxd4 11. exd4 Rc8 12. Qe2 b5 13. O-O Be7 14. a4 b4 15.
cxb4 Bxb4 16. Bxa6 Bxa6 17. Qxa6 Bxd2 18. Bxf6 gxf6 19. Qd3 Bf4 20. g3 Bd6 21.
b4 Rc4 22. b5 Qb6 23. Rfc1 Rxc1+ 24. Rxc1 Kd7 25. Rc6 Qa5 26. Qc2 Qa8 27. Ra6
Qb7 28. Kg2 e5 29. Qf5+ Ke7 30. Rxd6 1/2-1/2

[Event "Bad Woerishofen Sen"]
[Site "Bad Woerishofen"]
[Date "2001.??.??"]
[Round "9"]
[White "Heyse, Juergen"]
[Black "Buchner, Matthias"]
[Result "1/2-1/2"]
[WhiteElo "1597"]
[BlackElo "1700"]
[Annotator "ChessOrg"]
[PlyCount "31"]
[EventDate "1998.03.05"]
[Source "ChessBase"]
[SourceDate "1998.04.29"]

1. d4 Nf6 2. Nf3 d5 3. Bf4 e6 4. Nbd2 c5 5. c3 Nc6 6. e3 Be7 7. Ne5 O-O 8. Bd3
cxd4 9. exd4 a6 10. O-O Re8 11. Bg3 Nxe5 12. dxe5 Nd7 13. f4 Qb6+ 14. Kh1 Qxb2
15. Qc2 Qxc2 16. Bxc2 1/2-1/2

[Event "Bad Woerishofen Sen"]
[Site "Bad Woerishofen"]
[Date "2001.??.??"]
[Round "1"]
[White "Hoffmann, Reinhold"]
[Black "Kaiser, Hans"]
[Result "1/2-1/2"]
[WhiteElo "1880"]
[BlackElo "1681"]
[Annotator "ChessOrg"]
[PlyCount "58"]
[EventDate "1998.03.05"]
[Source "ChessBase"]
[SourceDate "1998.04.29"]

1. e4 c5 2. b4 cxb4 3. a3 e5 4. axb4 Bxb4 5. c3 Be7 6. d4 Nc6 7. d5 Nb8 8. Nf3
d6 9. Be3 Nf6 10. Rxa7 Rxa7 11. Bxa7 Nbd7 12. Qa4 O-O 13. Be3 Qc7 14. h3 Nc5
15. Bxc5 Qxc5 16. Bd3 Bd7 17. Qb3 b5 18. O-O Ra8 19. Rc1 Nh5 20. Nbd2 Nf4 21.
Bf1 Bd8 22. Rb1 Ra3 23. Qb4 Rxc3 24. Bxb5 Rc1+ 25. Bf1 Rxb1 26. Qxb1 Bb6 27.
Qe1 Qc2 28. Qb1 Qxb1 29. Nxb1 f5 1/2-1/2

[Event "Bad Woerishofen Sen"]
[Site "Bad Woerishofen"]
[Date "2001.??.??"]
[Round "3"]
[White "Hoffmann, Reinhold"]
[Black "Gretzer, Otmar"]
[Result "0-1"]
[WhiteElo "1880"]
[BlackElo "2186"]
[Annotator "ChessOrg"]
[PlyCount "86"]
[EventDate "1998.03.05"]
[Source "ChessBase"]
[SourceDate "1998.04.29"]

1. d4 d5 2. Nf3 c6 3. c3 Nf6 4. Bf4 Bf5 5. e3 Qb6 6. Qb3 Nbd7 7. Nbd2 e6 8. Be2
Be7 9. h3 O-O 10. O-O h6 11. Rac1 Rac8 12. Ne5 c5 13. Qxb6 Nxb6 14. Ndf3 Ne4
15. dxc5 Bxc5 16. Nd4 Bh7 17. b3 Ba3 18. Rc2 Rxc3 19. f3 Rfc8 20. Bd3 f6 21.
Bxe4 dxe4 22. Rxc3 Rxc3 23. Nb5 Rc5 24. Nxa3 fxe5 25. Bg3 exf3 26. gxf3 Bf5 27.
h4 e4 28. f4 Ra5 29. Nc4 Nxc4 30. bxc4 Rxa2 31. Rc1 Kf7 32. c5 Kg6 33. Bf2 a5
34. Rb1 Rc2 35. Rxb7 Rxc5 36. Ra7 Rc1+ 37. Kg2 Ra1 38. Kg3 h5 39. Kh2 a4 40.
Kg3 Bg4 41. Kg2 Be2 42. Kg3 Bc4 43. Ra5 Bd5 0-1

[Event "Bad Woerishofen Sen"]
[Site "Bad Woerishofen"]
[Date "2001.??.??"]
[Round "5"]
[White "Hoffmann, Reinhold"]
[Black "Gensbauer, Viktor"]
[Result "1/2-1/2"]
[WhiteElo "1880"]
[BlackElo "1778"]
[Annotator "ChessOrg"]
[PlyCount "62"]
[EventDate "1998.03.05"]
[Source "ChessBase"]
[SourceDate "1998.04.29"]

1. e4 c6 2. d4 d5 3. Nc3 dxe4 4. Nxe4 Bf5 5. Ng3 Bg6 6. Bc4 Nf6 7. Nf3 e6 8.
Ne5 Be7 9. Bg5 Nbd7 10. Nxg6 hxg6 11. Qd3 Nd5 12. Bd2 Bg5 13. Ne4 Bxd2+ 14.
Qxd2 N7f6 15. Bd3 Nxe4 16. Bxe4 Nf6 17. Bf3 O-O 18. O-O-O Qc7 19. Qc3 Nd5 20.
Bxd5 exd5 21. Rde1 Rfe8 22. g3 Qd7 23. Rxe8+ Rxe8 24. Re1 Rxe1+ 25. Qxe1 a6 26.
h4 Kf8 27. Qe5 Kg8 28. Kd2 Kh7 29. Qe2 Qd8 30. f4 Qa5+ 31. c3 Qd8 1/2-1/2

[Event "Bad Woerishofen Sen"]
[Site "Bad Woerishofen"]
[Date "2001.??.??"]
[Round "7"]
[White "Hoffmann, Reinhold"]
[Black "Oser, Thor"]
[Result "1-0"]
[WhiteElo "1880"]
[BlackElo "1700"]
[Annotator "ChessOrg"]
[PlyCount "71"]
[EventDate "1998.03.05"]
[Source "ChessBase"]
[SourceDate "1998.04.29"]

1. d4 g6 2. e4 Bg7 3. Nf3 d6 4. Bd3 Nc6 5. c3 e5 6. Be3 Nf6 7. h3 O-O 8. Nbd2
h6 9. Nc4 Nd7 10. Qd2 Kh7 11. Qc2 exd4 12. Nxd4 Nce5 13. Be2 b6 14. O-O-O Bb7
15. Nd2 a6 16. f4 Nc6 17. h4 Nxd4 18. cxd4 d5 19. e5 c5 20. Kb1 Rc8 21. dxc5
bxc5 22. Bf3 Ba8 23. h5 d4 24. Bf2 Qb6 25. Bxa8 Rxa8 26. Nc4 Qe6 27. Nd6 f5 28.
hxg6+ Qxg6 29. Bh4 Rab8 30. Rdg1 Rb6 31. g4 d3 32. Qxd3 Nxe5 33. fxe5 Bxe5 34.
Nc4 Rxb2+ 35. Nxb2 Rb8 36. Rg2 1-0

[Event "Bad Woerishofen Sen"]
[Site "Bad Woerishofen"]
[Date "2001.??.??"]
[Round "9"]
[White "Hoffmann, Reinhold"]
[Black "Borger, Martin"]
[Result "1/2-1/2"]
[WhiteElo "1880"]
[BlackElo "1707"]
[Annotator "ChessOrg"]
[PlyCount "85"]
[EventDate "1998.03.05"]
[Source "ChessBase"]
[SourceDate "1998.04.29"]

1. e4 e5 2. Nc3 Nc6 3. Bc4 Nf6 4. Nf3 Be7 5. d3 d6 6. h3 Na5 7. Bb3 Nxb3 8.
axb3 Bd7 9. Be3 a6 10. Qe2 c5 11. O-O O-O 12. Nd2 Bc6 13. f4 Ne8 14. fxe5 dxe5
15. Nc4 Qc7 16. Na5 Nf6 17. Nxc6 Qxc6 18. Bg5 Qd6 19. Bxf6 Bxf6 20. Nd5 Bd8 21.
Qg4 f6 22. Rf3 b5 23. Raf1 Kh8 24. h4 g6 25. c4 Ra7 26. h5 gxh5 27. Qxh5 Rg7
28. Kh1 Qe6 29. Ne3 Rfg8 30. Rh3 Qd7 31. Qe2 Rxg2 32. Qh5 R2g3 33. Rf3 Rxf3 34.
Qxf3 Qg7 35. Qf2 Qg5 36. Nf5 Qc1+ 37. Kh2 Qg5 38. Rg3 Qh5+ 39. Kg2 Rxg3+ 40.
Qxg3 Qg6 41. Kf3 bxc4 42. bxc4 Qh5+ 43. Qg4 1/2-1/2

[Event "Bad Woerishofen Sen"]
[Site "Bad Woerishofen"]
[Date "2001.??.??"]
[Round "2"]
[White "Homes, Helmut"]
[Black "Verdcheval, Hans"]
[Result "1-0"]
[WhiteElo "1789"]
[BlackElo "1555"]
[Annotator "ChessOrg"]
[PlyCount "113"]
[EventDate "1998.03.05"]
[Source "ChessBase"]
[SourceDate "1998.04.29"]

1. e4 e6 2. d4 d5 3. Nc3 Nf6 4. Bg5 Be7 5. e5 Nfd7 6. Bxe7 Qxe7 7. f4 O-O 8.
Nf3 c5 9. Bd3 f5 10. O-O Nc6 11. Kh1 cxd4 12. Nb5 a6 13. Nbxd4 Nxd4 14. Nxd4
Nc5 15. Be2 Bd7 16. c3 Rac8 17. Bf3 Rc7 18. Qd2 Rfc8 19. Rg1 Kh8 20. g4 g6 21.
g5 Ne4 22. Bxe4 dxe4 23. Qe3 Bc6 24. Rg3 Bd5 25. Rh3 Qc5 26. Rh6 Kg8 27. a3 Re7
28. Rc1 Qb6 29. Nxf5 Qxe3 30. Nxe3 Bb3 31. Ng4 Rg7 32. Nf6+ Kh8 33. Rg1 Bd5 34.
Rg3 e3+ 35. Nxd5 e2 36. Re3 exd5 37. Rxe2 Rf7 38. Rh4 Rc4 39. Rf2 Re4 40. Kg2
Kg7 41. Kg3 Re1 42. Kg2 Re4 43. Rd2 Rexf4 44. Rxf4 Rxf4 45. Rxd5 Rf7 46. e6 Re7
47. Re5 h6 48. h4 hxg5 49. hxg5 Kf8 50. Kf3 Ke8 51. Ke4 Kd8 52. Rd5+ Kc7 53.
Ke5 Kc6 54. Rd6+ Kc7 55. Rd7+ Rxd7 56. exd7 Kxd7 57. Kf6 1-0

[Event "Bad Woerishofen Sen"]
[Site "Bad Woerishofen"]
[Date "2001.??.??"]
[Round "4"]
[White "Homes, Helmut"]
[Black "Dinser, Hans"]
[Result "0-1"]
[WhiteElo "1789"]
[BlackElo "1906"]
[Annotator "ChessOrg"]
[PlyCount "64"]
[EventDate "1998.03.05"]
[Source "ChessBase"]
[SourceDate "1998.04.29"]

1. e4 c5 2. Nc3 Nc6 3. f4 e6 4. Nf3 g6 5. Bc4 Bg7 6. a3 a6 7. d3 Nge7 8. Be3
Nd4 9. O-O O-O 10. Bxd4 cxd4 11. Ne2 d5 12. exd5 exd5 13. Bb3 Nf5 14. Qd2 Be6
15. Qb4 b5 16. Kh1 Qb6 17. a4 Rfc8 18. axb5 axb5 19. Ng5 Ne3 20. Rfe1 Rxa1 21.
Rxa1 h6 22. Nxe6 fxe6 23. h3 Rb8 24. g4 Qd8 25. Qe1 g5 26. Qg3 Ra8 27. Rb1 Ra7
28. c3 Qb6 29. cxd4 Bxd4 30. Nxd4 Qxd4 31. Rc1 gxf4 32. Qh4 Qxd3 0-1

[Event "Bad Woerishofen Sen"]
[Site "Bad Woerishofen"]
[Date "2001.??.??"]
[Round "6"]
[White "Homes, Helmut"]
[Black "Kuehn, Peter"]
[Result "1/2-1/2"]
[WhiteElo "1789"]
[BlackElo "2003"]
[Annotator "ChessOrg"]
[PlyCount "83"]
[EventDate "1998.03.05"]
[Source "ChessBase"]
[SourceDate "1998.04.29"]

1. e4 c5 2. Nc3 Nc6 3. f4 g6 4. Nf3 Bg7 5. Bc4 e6 6. O-O a6 7. a3 Nge7 8. d3
O-O 9. Qe1 b5 10. Ba2 Bb7 11. Be3 Nd4 12. Bxd4 cxd4 13. Ne2 d5 14. e5 Nf5 15.
Nexd4 Nxd4 16. Nxd4 Qb6 17. Qf2 f6 18. Nf3 Qc7 19. d4 fxe5 20. fxe5 Bh6 21. Qe2
Rf4 22. c3 Raf8 23. Bb1 Qe7 24. Bd3 Bc6 25. h3 Be8 26. b3 g5 27. Nh2 Bg7 28. a4
bxa4 29. bxa4 a5 30. Qc2 Rxf1+ 31. Rxf1 Rxf1+ 32. Nxf1 Bf8 33. Ne3 h5 34. Qb3
Qa3 35. Qxa3 Bxa3 36. Bb5 Bg6 37. c4 Bb2 38. Bd7 Bxd4 39. Bxe6+ Bf7 40. Bxf7+
Kxf7 41. Kf2 dxc4 42. Ke2 1/2-1/2

[Event "Bad Woerishofen Sen"]
[Site "Bad Woerishofen"]
[Date "2001.??.??"]
[Round "8"]
[White "Homes, Helmut"]
[Black "Heissenboettel, Hans"]
[Result "1/2-1/2"]
[WhiteElo "1789"]
[BlackElo "1950"]
[Annotator "ChessOrg"]
[PlyCount "22"]
[EventDate "1998.03.05"]
[Source "ChessBase"]
[SourceDate "1998.04.29"]

1. e4 c5 2. Nf3 d6 3. d4 cxd4 4. Nxd4 Nf6 5. Nc3 a6 6. Be2 b5 7. Bf3 e5 8. Nf5
Bb7 9. Bg5 h6 10. Be3 Qc7 11. O-O Nbd7 1/2-1/2

[Event "Bad Woerishofen Sen"]
[Site "Bad Woerishofen"]
[Date "2001.??.??"]
[Round "2"]
[White "Hoeppner, Hans"]
[Black "Assaloni, Herbert"]
[Result "0-1"]
[WhiteElo "1617"]
[BlackElo "1720"]
[Annotator "ChessOrg"]
[PlyCount "120"]
[EventDate "1998.03.05"]
[Source "ChessBase"]
[SourceDate "1998.04.29"]

1. e3 e5 2. Ne2 Nc6 3. Ng3 d5 4. d3 Nf6 5. Nh5 Be6 6. Nd2 g6 7. Nxf6+ Qxf6 8.
Be2 Qg5 9. g3 Bh3 10. Nf3 Qf6 11. c3 Rd8 12. Bd2 Bg7 13. Rg1 O-O 14. g4 e4 15.
Nd4 exd3 16. Bxd3 Ne5 17. Be2 c5 18. g5 Qb6 19. Nf3 Bf5 20. Nxe5 Bxe5 21. f4
Bg7 22. Qb3 Qc7 23. h4 c4 24. Qd1 Rfe8 25. Rg2 f6 26. Kf2 fxg5 27. hxg5 Qb6 28.
Rh2 Re7 29. Bf3 Qxb2 30. Kg3 Bxc3 31. Bxc3 Qxc3 32. Rc1 Qa5 33. Qd4 Be4 34.
Bxe4 Rxe4 35. Qf6 Rxe3+ 36. Kg4 Qc7 37. Rxh7 Qc8+ 38. f5 Qxf5+ 39. Qxf5 gxf5+
40. Kf4 Re4+ 41. Kxf5 Kxh7 42. g6+ Kg7 43. Rh1 Rf8+ 44. Kg5 Re5+ 45. Kg4 Rf2
46. Rh7+ Kxg6 47. Rxb7 Rxa2 48. Rc7 Re4+ 49. Kf3 Ra3+ 50. Kf2 a5 51. Rc8 Rf4+
52. Ke2 Rh4 53. Rg8+ Kf7 54. Rg2 Ra2+ 55. Kf3 Rxg2 56. Kxg2 Kf6 57. Kf2 Ke5 58.
Ke2 Rh3 59. Kd2 Ke4 60. Ke2 d4 0-1

[Event "Bad Woerishofen Sen"]
[Site "Bad Woerishofen"]
[Date "2001.??.??"]
[Round "4"]
[White "Hoeppner, Hans"]
[Black "Schampel, Arno"]
[Result "0-1"]
[WhiteElo "1617"]
[BlackElo "1755"]
[Annotator "ChessOrg"]
[PlyCount "153"]
[EventDate "1998.03.05"]
[Source "ChessBase"]
[SourceDate "1998.04.29"]

1. e3 c5 2. Ne2 b6 3. Ng3 Bb7 4. e4 Nc6 5. c3 Nf6 6. d3 g6 7. Be2 Bg7 8. O-O
O-O 9. Bf4 e5 10. Bg5 Qc7 11. Nd2 h6 12. Be3 d5 13. f3 d4 14. Bf2 Nd8 15. Re1
Ne6 16. Qc1 Rac8 17. Kh1 Rfd8 18. c4 Nf4 19. Bf1 Qd7 20. Qc2 b5 21. b3 Ne8 22.
Ne2 Ne6 23. a3 Nd6 24. g3 f5 25. Bg2 h5 26. Rg1 Kf7 27. Raf1 Bh6 28. f4 exf4
29. Nf3 Ke7 30. e5 Nf7 31. gxf4 Rg8 32. Bg3 a6 33. h4 bxc4 34. bxc4 Rb8 35. Ng5
Bxg2+ 36. Rxg2 Qb7 37. Ng1 Qb3 38. Qc1 Qxd3 39. Rf3 Qb1 40. Qd2 Rgd8 41. Kh2
Nfxg5 42. fxg5 Bg7 43. Nh3 Rb7 44. a4 Rb4 45. Nf4 Nxf4 46. Bxf4 Qe4 47. Kg3 Ke6
48. Re2 Qb1 49. Re1 Qb2 50. Qd1 Rdb8 51. Kh3 Rb3 52. Bg3 Qa3 53. Ref1 Qxa4 54.
R1f2 Qxc4 55. Qh1 Qd5 56. Qf1 c4 57. Ra2 R8b6 58. Rxb3 cxb3 59. Rxa6 Rc6 60.
Qe2 Bf8 61. Bf4 Bb4 62. Kh2 Bc3 63. Bc1 Ba5 64. Kg1 Bb6 65. Qd1 d3+ 66. Kh2
Qxe5+ 67. Kh1 Qe4+ 68. Kh2 Bc7+ 69. Bf4 Qxf4+ 70. Kg1 Qh2+ 71. Kf1 Qh1+ 72. Kf2
Bg3+ 73. Kxg3 Qxd1 74. Rxc6+ Kd5 75. Kh3 f4 76. Rd6+ Kc4 77. Rc6+ 0-1

[Event "Bad Woerishofen Sen"]
[Site "Bad Woerishofen"]
[Date "2001.??.??"]
[Round "6"]
[White "Hoeppner, Hans"]
[Black "Schafroth, Georg"]
[Result "1/2-1/2"]
[WhiteElo "1617"]
[BlackElo "1700"]
[Annotator "ChessOrg"]
[PlyCount "69"]
[EventDate "1998.03.05"]
[Source "ChessBase"]
[SourceDate "1998.04.29"]

1. e3 d5 2. Ne2 e5 3. Ng3 Nf6 4. Nh5 g6 5. Nxf6+ Qxf6 6. d3 Bg7 7. Nd2 Nc6 8.
e4 Be6 9. Be2 Nd4 10. O-O O-O 11. c3 Nxe2+ 12. Qxe2 c5 13. h3 Rfd8 14. Nf3 Qe7
15. Ng5 Bc8 16. Re1 d4 17. c4 f6 18. Nf3 Rf8 19. Nh2 f5 20. exf5 Bxf5 21. a3 b6
22. b4 Rae8 23. g4 Bc8 24. f3 Bb7 25. Rf1 Qc7 26. b5 Qb8 27. a4 Qc7 28. Bg5 h6
29. Bh4 Rf7 30. Bg3 Rfe7 31. Qe1 Qd7 32. a5 Qd8 33. a6 Ba8 34. Bh4 g5 35. Bg3
1/2-1/2

[Event "Bad Woerishofen Sen"]
[Site "Bad Woerishofen"]
[Date "2001.??.??"]
[Round "9"]
[White "Hoeppner, Hans"]
[Black "Ruppelt, Guenter"]
[Result "1-0"]
[WhiteElo "1617"]
[BlackElo "1700"]
[Annotator "ChessOrg"]
[PlyCount "59"]
[EventDate "1998.03.05"]
[Source "ChessBase"]
[SourceDate "1998.04.29"]

1. e3 d6 2. Ne2 Nf6 3. Ng3 Nbd7 4. d3 g6 5. Be2 Bg7 6. h4 h5 7. e4 e5 8. Bg5
Nf8 9. Nc3 c6 10. Qd2 Ne6 11. O-O-O Nd4 12. Kb1 Nxe2 13. Ncxe2 Qb6 14. f3 Be6
15. d4 Nd7 16. d5 cxd5 17. exd5 Bf5 18. Nxf5 gxf5 19. Ng3 f4 20. Nf5 Bf8 21.
Rhe1 f6 22. Bxf4 O-O-O 23. Be3 Qa6 24. Qb4 Nc5 25. g4 b6 26. gxh5 Rxh5 27. Qg4
Rh8 28. Nxd6+ Kc7 29. Nf7 Na4 30. Rd3 1-0

[Event "Bad Woerishofen Sen"]
[Site "Bad Woerishofen"]
[Date "2001.??.??"]
[Round "2"]
[White "Igney, Volkhard"]
[Black "Reinke, Kurt"]
[Result "1-0"]
[WhiteElo "2180"]
[BlackElo "1841"]
[Annotator "ChessOrg"]
[PlyCount "81"]
[EventDate "1998.03.05"]
[Source "ChessBase"]
[SourceDate "1998.04.29"]

1. d4 d5 2. c4 c6 3. Nf3 Nf6 4. Nc3 e6 5. cxd5 exd5 6. Bg5 h6 7. Bh4 Bf5 8. a3
Nbd7 9. e3 Be7 10. Bd3 Ne4 11. Bxe7 Qxe7 12. O-O Bg4 13. Be2 Nxc3 14. bxc3 O-O
15. Qb3 Nb6 16. Rfe1 Bf5 17. a4 Rfb8 18. a5 Nd7 19. c4 Be6 20. Nd2 Nf6 21. Bd3
dxc4 22. Bxc4 Bxc4 23. Nxc4 Ne4 24. Ne5 Nf6 25. Rec1 Nd7 26. Nd3 Qe4 27. Nc5
Nxc5 28. Rxc5 b6 29. Re5 Qg6 30. Re7 b5 31. Rc1 Rc8 32. a6 Qf6 33. Rb7 Kf8 34.
h3 g5 35. Qb4+ Kg7 36. Qc5 Qd8 37. Rxa7 Qa5 38. Qe5+ Kg8 39. Rxa8 Rxa8 40. Rxc6
Kh7 41. Qf6 1-0

[Event "Bad Woerishofen Sen"]
[Site "Bad Woerishofen"]
[Date "2001.??.??"]
[Round "4"]
[White "Igney, Volkhard"]
[Black "Villing, Dieter"]
[Result "1-0"]
[WhiteElo "2180"]
[BlackElo "2241"]
[Annotator "ChessOrg"]
[PlyCount "101"]
[EventDate "1998.03.05"]
[Source "ChessBase"]
[SourceDate "1998.04.29"]

1. d4 Nf6 2. c4 d6 3. Nf3 Nbd7 4. Nc3 e5 5. e3 Be7 6. Bd3 c6 7. O-O O-O 8. Qc2
Qc7 9. Bd2 Re8 10. Rac1 Nf8 11. h3 Ng6 12. Rfd1 Bd7 13. Ne4 Nxe4 14. Bxe4 Bf6
15. dxe5 dxe5 16. Bb4 Be6 17. Bd6 Qa5 18. b4 Qa6 19. Bxg6 hxg6 20. Bxe5 Bxe5
21. Nxe5 Bxh3 22. Nxg6 fxg6 23. gxh3 Rad8 24. Qxg6 Qa3 25. Kg2 Rf8 26. Rxd8
Rxd8 27. Rd1 Rxd1 28. Qe8+ Kh7 29. Qh5+ Kg8 30. Qxd1 Qxb4 31. Qd4 b5 32. Qd8+
Kh7 33. Qd3+ Kh8 34. cxb5 cxb5 35. e4 a5 36. e5 Qb2 37. e6 Qe5 38. Qd8+ Kh7 39.
e7 Qe4+ 40. Kg3 Qe5+ 41. Kf3 Qf5+ 42. Ke3 Qe6+ 43. Kd4 Qc4+ 44. Ke5 Qc5+ 45.
Ke6 Qc6+ 46. Qd6 Qe4+ 47. Qe5 Qc6+ 48. Qd6 Qe4+ 49. Kd7 Qb7+ 50. Kd8 Qa8+ 51.
Kc7 1-0

[Event "Bad Woerishofen Sen"]
[Site "Bad Woerishofen"]
[Date "2001.??.??"]
[Round "5"]
[White "Igney, Volkhard"]
[Black "Schmid, Hermann"]
[Result "1/2-1/2"]
[WhiteElo "2180"]
[BlackElo "2171"]
[Annotator "ChessOrg"]
[PlyCount "45"]
[EventDate "1998.03.05"]
[Source "ChessBase"]
[SourceDate "1998.04.29"]

1. d4 g6 2. c4 Bg7 3. Nc3 d6 4. e4 Nd7 5. Nf3 e5 6. Be2 Ne7 7. O-O O-O 8. dxe5
Nxe5 9. Nxe5 dxe5 10. Bg5 f6 11. Be3 Be6 12. Qb3 Qc8 13. Nd5 Rf7 14. f4 c6 15.
Nxe7+ Rxe7 16. Bc5 Rd7 17. Rad1 exf4 18. Rxf4 Rxd1+ 19. Qxd1 Qd7 20. Qxd7 Bxd7
21. Bd4 f5 22. Bxg7 Kxg7 23. exf5 1/2-1/2

[Event "Bad Woerishofen Sen"]
[Site "Bad Woerishofen"]
[Date "2001.??.??"]
[Round "8"]
[White "Igney, Volkhard"]
[Black "Kleinwaechter, Matthias"]
[Result "1-0"]
[WhiteElo "2180"]
[BlackElo "2041"]
[Annotator "ChessOrg"]
[PlyCount "51"]
[EventDate "1998.03.05"]
[Source "ChessBase"]
[SourceDate "1998.04.29"]

1. d4 Nf6 2. c4 g6 3. Nc3 Bg7 4. e4 d6 5. Be2 O-O 6. Nf3 e5 7. Be3 exd4 8. Nxd4
Re8 9. f3 Nc6 10. O-O Nh5 11. Nxc6 bxc6 12. Qd2 Qe7 13. Rae1 f5 14. Bg5 Bd4+
15. Kh1 Bf6 16. Bxf6 Nxf6 17. Bd3 Qg7 18. c5 fxe4 19. Nxe4 Rf8 20. cxd6 cxd6
21. Nxd6 Bd7 22. Re2 Rab8 23. Bc4+ Kh8 24. Rfe1 Nh5 25. b3 Rf4 26. Re7 1-0

[Event "Bad Woerishofen Sen"]
[Site "Bad Woerishofen"]
[Date "2001.??.??"]
[Round "1"]
[White "Janssen, Helmut"]
[Black "Gmeinwieser, Helmut"]
[Result "1/2-1/2"]
[WhiteElo "1900"]
[BlackElo "1687"]
[Annotator "ChessOrg"]
[PlyCount "46"]
[EventDate "1998.03.05"]
[Source "ChessBase"]
[SourceDate "1998.04.29"]

1. d4 d5 2. Nf3 Nf6 3. c4 e6 4. Bg5 Be7 5. e3 O-O 6. Nc3 b6 7. Bd3 Nbd7 8. O-O
Bb7 9. Rc1 Rc8 10. Qe2 h6 11. Bh4 c6 12. Ne5 Nxe5 13. dxe5 Nd7 14. Bxe7 Qxe7
15. f4 Ba6 16. cxd5 Bxd3 17. Qxd3 exd5 18. Qd4 f6 19. exf6 Nxf6 20. Rce1 Rce8
21. Rf3 Rf7 22. b4 Qd7 23. h3 Ne4 1/2-1/2

[Event "Bad Woerishofen Sen"]
[Site "Bad Woerishofen"]
[Date "2001.??.??"]
[Round "3"]
[White "Janssen, Helmut"]
[Black "Hahner, Anton"]
[Result "1-0"]
[WhiteElo "1900"]
[BlackElo "1700"]
[Annotator "ChessOrg"]
[PlyCount "53"]
[EventDate "1998.03.05"]
[Source "ChessBase"]
[SourceDate "1998.04.29"]

1. Nf3 d5 2. d4 Nf6 3. c4 c6 4. Nc3 e6 5. Bg5 Nbd7 6. e3 Qa5 7. Bxf6 Nxf6 8.
Qc2 Bb4 9. Nd2 O-O 10. Nb3 Qd8 11. Bd3 Re8 12. O-O-O a5 13. a3 dxc4 14. Bxc4
Be7 15. Nc5 b5 16. Bd3 Qb6 17. N3e4 Nd5 18. h4 h6 19. g4 b4 20. a4 Qd8 21. g5
h5 22. Rhg1 Rb8 23. b3 Bxc5 24. dxc5 Re7 25. Be2 g6 26. Nf6+ Kf8 27. e4 1-0

[Event "Bad Woerishofen Sen"]
[Site "Bad Woerishofen"]
[Date "2001.??.??"]
[Round "5"]
[White "Janssen, Helmut"]
[Black "Wolf, Alfred"]
[Result "1-0"]
[WhiteElo "1900"]
[BlackElo "1762"]
[Annotator "ChessOrg"]
[PlyCount "73"]
[EventDate "1998.03.05"]
[Source "ChessBase"]
[SourceDate "1998.04.29"]

1. Nf3 Nf6 2. d4 g6 3. c4 Bg7 4. Nc3 d6 5. e4 O-O 6. Be2 e5 7. O-O Nc6 8. d5
Ne7 9. Bg5 h6 10. Bh4 g5 11. Bg3 Ng6 12. Nd2 Nxe4 13. Ndxe4 f5 14. f3 fxe4 15.
Nxe4 Qe7 16. Qd2 Nf4 17. Bd1 Bd7 18. Rc1 b6 19. b4 a5 20. b5 Rf7 21. Bxf4 gxf4
22. Qf2 Bh8 23. Re1 Rg7 24. Kf1 Kh7 25. Ke2 Rag8 26. Rg1 Bf5 27. Bc2 Qf7 28. g4
fxg3 29. hxg3 Rf8 30. Rh1 Kg8 31. Rxh6 Rg6 32. Rch1 Rxh6 33. Rxh6 Qg7 34. Qh2
Rf7 35. Qh4 Rf8 36. g4 Bh7 37. Rxh7 1-0

[Event "Bad Woerishofen Sen"]
[Site "Bad Woerishofen"]
[Date "2001.??.??"]
[Round "7"]
[White "Janssen, Helmut"]
[Black "Scheerer, Helmut"]
[Result "1-0"]
[WhiteElo "1900"]
[BlackElo "1784"]
[Annotator "ChessOrg"]
[PlyCount "45"]
[EventDate "1998.03.05"]
[Source "ChessBase"]
[SourceDate "1998.04.29"]

1. Nf3 Nf6 2. d4 d5 3. c4 e6 4. Bg5 Be7 5. e3 b6 6. Nc3 Bb7 7. cxd5 exd5 8. Bd3
O-O 9. O-O Nbd7 10. Rc1 Re8 11. Re1 Nf8 12. Ne5 c6 13. f4 N6d7 14. Bxe7 Qxe7
15. Qf3 Nxe5 16. fxe5 Qe6 17. Ne2 Ng6 18. Nf4 Qe7 19. Qh5 c5 20. e6 fxe6 21.
Nxg6 Qf6 22. Rf1 hxg6 23. Bxg6 1-0

[Event "Bad Woerishofen Sen"]
[Site "Bad Woerishofen"]
[Date "2001.??.??"]
[Round "9"]
[White "Janssen, Helmut"]
[Black "Harke, Horst"]
[Result "1/2-1/2"]
[WhiteElo "1900"]
[BlackElo "1706"]
[Annotator "ChessOrg"]
[PlyCount "108"]
[EventDate "1998.03.05"]
[Source "ChessBase"]
[SourceDate "1998.04.29"]

1. Nf3 d5 2. d4 Nf6 3. c4 e6 4. Bg5 Be7 5. e3 dxc4 6. Bxc4 c5 7. O-O cxd4 8.
Nxd4 O-O 9. Nc3 Qa5 10. Bh4 Nc6 11. Nxc6 bxc6 12. Qc2 Ba6 13. Bxa6 Qxa6 14. e4
Qc4 15. Rac1 Rfd8 16. b3 Qd3 17. e5 Qxc2 18. Rxc2 Nd5 19. Bxe7 Nxe7 20. Ne4 Rd5
21. f4 Rb8 22. Rc4 Ra5 23. Rf2 Rd5 24. Nc3 Rd3 25. Rc2 h6 26. Ne4 Kh7 27. Rd2
Rxd2 28. Nxd2 Rd8 29. Ne4 Rd5 30. Kf2 Ra5 31. a4 Rd5 32. g3 Kg6 33. Kg2 a5 34.
g4 f5 35. exf6 gxf6 36. Nc5 Kf7 37. h4 Rd2+ 38. Kf3 Rd5 39. Ke2 Ng6 40. Nxe6
Nxh4 41. Rxc6 h5 42. gxh5 Rxh5 43. Rc5 Nf5 44. Nd8+ Ke7 45. Nb7 Rh2+ 46. Kd3
Rh3+ 47. Kc4 Ne3+ 48. Kb5 Rh4 49. Nxa5 Rxf4 50. Nc6+ Kd6 51. a5 Nd5 52. b4 Rh4
53. a6 Nc7+ 54. Kb6 Nxa6 1/2-1/2